000 00722cam a2200241 4500
008 090401t1988 xxu||||| |||| 00| 0 eng d
020 _a0851252931
035 _a(Sirsi) u15149
041 0 _aeng
050 0 4 _a693.82 $2 18
100 1 _aMorris, W. A.
245 0 0 _aGuidelines for the construction of fire-resisting structural elements
260 _aGarston, Watford
_bBuilding Research Establishment
_c1988
300 _avi, 39p.
_bill.
_c30cm.
350 _a10
490 0 _aBRE Report
_v(128)
651 4 _aUnited Kingdom
_y
690 _aBUILT ENVIRONMENT-BUILDING STANDARDS-FIRE REGULATIONS
700 1 _aCooke, G. M. E.
710 2 _aBuilding Research Establishment
942 _n0
948 _c04/03/1997
999 _c87258
_d87258